Penfold (Record no. 110845)

MARC details
000 -LEADER
fixed length control field 01167cad a22002055a 4500
001 - CONTROL NUMBER
control field E150362
008 - FIXED-LENGTH DATA ELEMENTS--GENERAL INFORMATION
fixed length control field 100705s2010 xxk f f000 0 eng d
035 ## - SYSTEM CONTROL NUMBER
System control number (Sirsi) u150362
041 0# - LANGUAGE CODE
Language code of text/sound track or separate title eng
110 2# - MAIN ENTRY--CORPORATE NAME
Corporate name or jurisdiction name as entry element United Kingdom
Subordinate unit Department for Business, Innovation and Skills
9 (RLIN) 5760
245 00 - TITLE STATEMENT
Title Penfold
Remainder of title review of non-planning consents
Medium [electronic resource]
260 ## - PUBLICATION, DISTRIBUTION, ETC.
Place of publication, distribution, etc. [S.l.]
Name of publisher, distributor, etc. BIS
Date of publication, distribution, etc. 2010
520 ## - SUMMARY, ETC.
Summary, etc. Final report of the Penfold Review, which was set up to look at "non-planning consents", i.e. consents which have to be obtained separately from planning permission in order to complete a development. The Review examined whether the process for obtaining such consents causes delays or discourages business investment, and discusses where the process might be streamlined and current working practices improved.
590 ## - LOCAL NOTE (RLIN)
Local note KA NTK
650 24 - SUBJECT ADDED ENTRY--TOPICAL TERM
Topical term or geographic name entry element PENFOLD REVIEW
651 #4 - SUBJECT ADDED ENTRY--GEOGRAPHIC NAME
Geographic name England
Chronological subdivision 886-
690 ## - LOCAL SUBJECT ADDED ENTRY--TOPICAL TERM (OCLC, RLIN)
Topical term or geographic name as entry element ENVIRONMENT AND LAND CONSULTANCY-PLANNING AND DEVELOPMENT
856 40 - ELECTRONIC LOCATION AND ACCESS
Uniform Resource Identifier <a href="https://www.berr.gov.uk/assets/biscore/better-regulation/docs/p/10-1027-penfold-review-final-report.pdf">https://www.berr.gov.uk/assets/biscore/better-regulation/docs/p/10-1027-penfold-review-final-report.pdf</a>
Public note View the report free of charge (PDF file) at www.berr.gov.uk
942 ## - ADDED ENTRY ELEMENTS (KOHA)
Suppress in OPAC 0
Holdings
Withdrawn status Lost status Source of classification or shelving scheme Damaged status Not for loan Home library Current library Shelving location Date acquired Total Checkouts Full call number Barcode Date last seen Copy number Price effective from Koha item type
    Dewey Decimal Classification     Virtual Virtual Online 05/07/2010   ONLINE PUBLICATION 150362-2001 06/08/2019 1 06/08/2019 Book